| 000 | 00413nam a22001697a 4500 | ||
|---|---|---|---|
| 999 |
_c11095 _d11095 |
||
| 003 | OSt | ||
| 008 | 220215b ||||| |||| 00| 0 eng d | ||
| 020 | _a9788124508631 | ||
| 082 | _a621.3819 MAD | ||
| 100 | _aMAINI,Anil K | ||
| 245 | _aDigital Electronics:Principles and Integrated Circuits | ||
| 250 | _aReprint | ||
| 260 |
_aNew Delhi _bWiley _c2020 |
||
| 300 | _a584 | ||
| 650 | _aBCA | ||
| 942 |
_2ddc _cBK _04 |
||